000 00673cab a2200205 4500
001 L136776
008 070223n2007 000 0 eng u
035 _a(Sirsi) u136776
041 0 _aeng
100 1 _aSwerling, Leon
245 0 0 _aDealing with insolvent tenants
260 _c2007
490 0 0 _aEMIS Property Service
_v4(12), January 2007, 5-7(3)
520 _aExamines the remedies available to a landlord where a tenant becomes insolvent or a landlord proposes to make a tenant insolvent. Tables.
590 _aKA
650 2 4 _aLAW OF DISTRESS (AMENDMENT) ACT 1908
651 4 _aEngland and Wales
_y1543-
690 _aLandlord and tenant
_96252
942 _n0
999 _c78436
_d78436